| 000 | 00992nas a2200289 4500 | ||
|---|---|---|---|
| 001 | BR2015000609 | ||
| 003 | BR-BrBNA | ||
| 005 | 20231205124951.0 | ||
| 007 | ta | ||
| 008 | 230509b bl.|||p| |||| 00| 00por d | ||
| 040 |
_aBR-BrBNA _bpor _cBiblioteca Nacional de Agricultura |
||
| 041 | _a(Pt) | ||
| 072 | _aH60 | ||
| 100 | 1 | _aBarroso, A.A.M. | |
| 100 | 1 | _aAlbrecht, A.J.P. | |
| 100 | 1 | _aReis, F.C. | |
| 100 | 1 | _aFilho, R.V. | |
| 245 | 1 | _aInteração entre herbicidas inibidores da accase e diferentes formulações de glyphosate no controle de capim-amargoso | |
| 246 | 1 | _aAccase and glyphosate diferent formulations herbicides association interactions on sourgrass control | |
| 650 | _aCAPIM GORDO | ||
| 650 | _aERVA DANINHA | ||
| 650 | _aHERBICIDA | ||
| 650 | _aRESISTENCIA A PRODUTOS QUIMICOS | ||
| 773 | 0 |
_tPlanta Daninha (Brazil) _xISSN 0100-8358 _g(Jul-Sep 2014), v. 32(3) p. 619-627 _wBR2015000609 |
|
| 909 |
_a202311 _bLúcia _c55 _dLúcia Elande |
||
| 942 |
_2AGRIS _n0 _cANA |
||
| 999 |
_c241892 _d241892 |
||